Europäische Anlaufstelle für Straffällige eröffnet
| Main Author: | |
|---|---|
| Format: | Print Article |
| Language: | German |
| Published: |
1995
|
| In: |
Zeitschrift für Strafvollzug und Straffälligenhilfe
Year: 1995, Volume: 44, Issue: 3, Pages: 173 - 174 |
| Availability in Albert-Krebs Library: | Z.01 24.1975 - 55.2006 |
| Check availability: | HBZ Gateway |
| Keywords: |
MARC
| LEADER | 00000caa a22000002c 4500 | ||
|---|---|---|---|
| 001 | 1818636859 | ||
| 003 | DE-627 | ||
| 005 | 20221103104106.0 | ||
| 007 | tu | ||
| 008 | 221011s1995 xx ||||| 00| ||ger c | ||
| 035 | |a (DE-627)1818636859 | ||
| 035 | |a (DE-599)KXP1818636859 | ||
| 040 | |a DE-627 |b ger |c DE-627 |e rakwb | ||
| 041 | |a ger | ||
| 084 | |a 2,1 |2 ssgn | ||
| 100 | 1 | |a Haehling von Lanzenauer, Reiner |d 1928-2025 |0 (DE-588)11936736X |0 (DE-627)080178219 |0 (DE-576)212282832 |4 aut | |
| 109 | |a Haehling von Lanzenauer, Reiner 1928-2025 |a Lanzenauer, Reiner Haehling von 1928-2025 |a Lanzenauer, Reiner H. von 1928-2025 |a Lanzenauer, R. H. von 1928-2025 |a Haehling von Lanzenauer, R. von 1928-2025 |a Haehling, Reiner 1928-2025 |a Haehling v. Lanzenauer, Reiner 1928-2025 |a Haehling von Lanzenauer, R. 1928-2025 | ||
| 245 | 1 | 0 | |a Europäische Anlaufstelle für Straffällige eröffnet |
| 264 | 1 | |c 1995 | |
| 336 | |a Text |b txt |2 rdacontent | ||
| 337 | |a ohne Hilfsmittel zu benutzen |b n |2 rdamedia | ||
| 338 | |a Band |b nc |2 rdacarrier | ||
| 650 | 4 | |a Freie Straffälligenhilfe |x Internationale Kooperation |7 (dpeaa)DE-2619 | |
| 650 | 4 | |a Grenzüberschreitende Straffälligenhilfe |7 (dpeaa)DE-2619 | |
| 650 | 4 | |a Anlaufstelle |7 (dpeaa)DE-2619 | |
| 650 | 4 | |a Freie Straffälligenhilfe |7 (dpeaa)DE-2619 | |
| 650 | 4 | |a Internationale Kooperation |7 (dpeaa)DE-2619 | |
| 773 | 0 | 8 | |i Enthalten in |t Zeitschrift für Strafvollzug und Straffälligenhilfe |d Wiesbaden : Ges. für Fortbildung der Strafvollzugsbediensteten, 1975 |g 44(1995), 3, Seite 173 - 174 |w (DE-627)130166723 |w (DE-600)519517-2 |w (DE-576)015709817 |x 0342-3514 |7 nnas |
| 773 | 1 | 8 | |g volume:44 |g year:1995 |g number:3 |g pages:173 - 174 |
| 935 | |a mkri | ||
| 951 | |a AR | ||
| AKB | |a 24.1975 - 55.2006 |b Z.01 | ||
| ELC | |b 1 | ||
| LOK | |0 000 xxxxxcx a22 zn 4500 | ||
| LOK | |0 001 4196308589 | ||
| LOK | |0 003 DE-627 | ||
| LOK | |0 004 1818636859 | ||
| LOK | |0 005 20221011151418 | ||
| LOK | |0 008 221011||||||||||||||||ger||||||| | ||
| LOK | |0 035 |a (DE-2619)p03924 | ||
| LOK | |0 040 |a DE-2619 |c DE-627 |d DE-2619 | ||
| LOK | |0 092 |o n | ||
| LOK | |0 852 |a DE-2619 | ||
| LOK | |0 852 1 |m p |9 00 | ||
| LOK | |0 935 |a kreb | ||
| LOK | |0 938 |k p | ||
| LOK | |0 939 |a 11-10-22 |b l01 | ||
| ORI | |a SA-MARC-krimdoka001.raw | ||
